Maryland Head Football Coaches by Picture - Statistics

General Stats
  • This quiz has been taken 4 times
  • The average score is 11 of 35
Answer Stats
Picture Hint Answer % Correct
2015 | 2019-Present Mike Locksley
100%
2001-2010 Ralph Friedgen
75%
1911-1934 Curley Byrd
50%
2016-2017 D. J. Durkin
50%
1947-1955 Jim Tatum
50%
1982-1986 Bobby Ross
25%
1967-1968 Bob Ward
25%
1907 Charles W. Melick
25%
1911 Charley Donnelly
25%
1942 Clark Shaughnessy
25%
1902-1904 D. John Markey
25%
1909 Edward Larkin
25%
1901 Emmons Dunbar
25%
1900 F. H. Peters
25%
1936-1939 Frank Dobson
25%
1898 Frank Kenly
25%
1905-1906 Fred K. Nielsen
25%
1896 Grenville Lewis
25%
1935 | 1940-1941 Jack Faber
25%
1972-1981 Jerry Claiborne
25%
1894 J. G. Bannon
25%
1987-1991 Joe Krivak
25%
1897 John Lillibridge
25%
1966 Lou Saban
25%
1992-1996 Mark Duffner
25%
2018 Matt Canada
25%
1997-2000 Ron Vanderlinden
25%
1910 Royal Alston
25%
1969-1971 Roy Lester
25%
1893 Samuel Harding
25%
1899 S. S. Cooke
25%
1956-1958 Tommy Mont
25%
1959-1965 Tom Nugent
25%
1892 William W. Skinner
25%
2011-2015 Randy Edsall
0%
No matching quizzes found
Score Distribution
Percent of People with Each Score
Percentile by Number Answered
Your Score History
You have not taken this quiz